El águila y la serpiente / (Record no. 77107)

MARC details
000 -LEADER
campo de control de longitud fija 00735nam a2200241 i 4500
001 - NÚMERO DE CONTROL
campo de control 77107
003 - IDENTIFICADOR DE NÚMERO DE CONTROL
campo de control ES-MaACL
005 - FECHA Y HORA DE LA ÚLTIMA TRANSACCIÓN
campo de control 20250823063043.0
007 - CAMPO FIJO DE DESCRIPCIÓN FÍSICA--INFORMACIÓN GENERAL
campo de control de longitud fija t|
008 - DATOS DE LONGITUD FIJA--INFORMACIÓN GENERAL
campo de control de longitud fija 041006s1932 sp ||||1| spa d
080 ## - NÚMERO DE LA CLASIFICACIÓN DECIMAL UNIVERSAL
Número de la Clasificación Decimal Universal 821.134.2(72)-31"19"
080 ## - NÚMERO DE LA CLASIFICACIÓN DECIMAL UNIVERSAL
Número de la Clasificación Decimal Universal 972"1910/46"
100 1# - ENTRADA PRINCIPAL--NOMBRE DE PERSONA
Nombre de persona Guzmán, Martín Luis,
Fechas asociadas al nombre 1887-1976
9 (RLIN) 61297
245 13 - MENCIÓN DEL TÍTULO
Título El águila y la serpiente /
Mención de responsabilidad, etc. Martín Luis Guzmán.
250 ## - MENCION DE EDICION
Mención de edición 2ª ed.
260 ## - PUBLICACIÓN, DISTRIBUCIÓN, ETC.
Lugar de publicación, distribución, etc. Madrid :
Nombre del editor, distribuidor, etc. Espasa-Calpe,
Fecha de publicación, distribución, etc. 1932.
300 ## - DESCRIPCIÓN FÍSICA
Extensión 2 v. ;
Dimensiones 20 cm.
505 8# - NOTA DE CONTENIDO CON FORMATO
Nota de contenido con formato Contiene: Esperanzas revolucionarias ; En la hora del triunfo
600 14 - PUNTO DE ACCESO ADICIONAL DE MATERIA--NOMBRE DE PERSONA
Nombre de persona Villa, Pancho.
9 (RLIN) 114876
651 #4 - PUNTO DE ACCESO ADICIONAL DE MATERIA--NOMBRE GEOGRÁFICO
Nombre geográfico México-
Subdivisión general Historia-
Subdivisión geográfica 1910-1946.
9 (RLIN) 9066
852 4# - LOCALIZACIÓN
Ubicación ES-MaACL
Número de control de estantería F-13967-68
Holdings
Estatus retirado Estado de pérdida Estado de daño No para préstamo Biblioteca de origen Biblioteca actual Ubicación en estantería Fecha de adquisición Fuente de adquisición Total de préstamos Signatura topográfica completa Código de barras Visto por última vez Precio de reemplazo Tipo de ítem Koha
        Biblioteca del Ateneo de Madrid Biblioteca del Ateneo de Madrid Sala Pecera Planta 2 17/01/2008     F-13967-68 1080680 23/02/2023 23/02/2023 Libro impreso